00221nam a22000857a 4500082001700000100002200017245005400039260003200093300001000125 aTNC I29 R473 aRinger, Robert J. aWinning through intimidationcBy Robert J. Ringer aNew YorkbLos Angelesc1973 a236p.